000 00396nam a22001457a 4500
999 _c7640
_d7638
005 20210316152043.0
008 210316b ||||| |||| 00| 0 eng d
082 _a346.066
100 _aAIYAR, A.N.
_96466
245 _aCOMPANY CASES THE CORPORATE LAW WEEKLY [VOL- 124]
260 _aCHENNAI
_bCOMPANY LAW INSTITUTE OF INDIA
_c2005
300 _a856;i-xxxv,p
650 _aLAW
_95701
942 _cJRL